| 000 | 00385nam a2200145Ia 4500 | ||
|---|---|---|---|
| 008 | 230312s9999||||xx |||||||||||||| ||und|| | ||
| 020 | _a81-317-3366-0 | ||
| 082 |
_a621.382 _bHIL-H |
||
| 100 | _aHiley;John | ||
| 245 | 0 | _aHughes Electrical and Electronic Technology | |
| 260 |
_bPearson _aIndia _c2011 |
||
| 300 | _a1008 | ||
| 650 |
_aEngineering _vElectrical Engineering |
||
| 942 | _cBK | ||
| 999 |
_c10729 _d10729 |
||